On War / (Record no. 185343)
[ view plain ]
| 000 -LEADER | |
|---|---|
| fixed length control field | 00543 a2200169 4500 |
| 003 - CONTROL NUMBER IDENTIFIER | |
| control field | NUST |
| 005 - DATE AND TIME OF LATEST TRANSACTION | |
| control field | 20221224123428.0 |
| 040 ## - CATALOGING SOURCE | |
| Transcribing agency | Nust |
| 082 ## - DEWEY DECIMAL CLASSIFICATION NUMBER | |
| Classification number | 355.02,CLA |
| 100 ## - MAIN ENTRY--PERSONAL NAME | |
| Personal name | Clausewits, Carl Von |
| 9 (RLIN) | 105811 |
| 245 ## - TITLE STATEMENT | |
| Title | On War / |
| Statement of responsibility, etc. | Carl Von Clausewitz; Translated by Colonel J. J. Graham |
| 260 ## - PUBLICATION, DISTRIBUTION, ETC. | |
| Place of publication, distribution, etc. | Londn |
| Name of publisher, distributor, etc. | Routledge & Kegan |
| Date of publication, distribution, etc. | 1962 |
| 300 ## - PHYSICAL DESCRIPTION | |
| Extent | 314:p. |
| 505 ## - FORMATTED CONTENTS NOTE | |
| Formatted contents note | On the Nature of War (Page-1), On the Theory of War (Page-84), of Strategy in General (Page-165), The Combat (Page-235). |
| 650 ## - SUBJECT ADDED ENTRY--TOPICAL TERM | |
| Topical term or geographic name entry element | War |
| 942 ## - ADDED ENTRY ELEMENTS (KOHA) | |
| Source of classification or shelving scheme | |
| Koha item type | Book |
| Call number prefix | 355.02,CLA |
| Withdrawn status | Lost status | Source of classification or shelving scheme | Damaged status | Not for loan | Permanent Location | Current Location | Shelving location | Date acquired | Full call number | Barcode | Date last seen | Price effective from | Koha item type | Public note |
|---|---|---|---|---|---|---|---|---|---|---|---|---|---|---|
| Military College of Signals (MCS) | Military College of Signals (MCS) | General Stacks | 12/12/2016 | 355.02,CLA | MCS21556 | 12/08/2016 | 12/12/2016 | Book | Almirah No.51, Shelf No.5 |
